MARC details
| 000 -LEADER |
| campo de control de longitud fija |
01846nam a2200325 i 4500 |
| 001 - NÚMERO DE CONTROL |
| campo de control |
152187 |
| 003 - IDENTIFICADOR DE NÚMERO DE CONTROL |
| campo de control |
ES-MaACL |
| 005 - FECHA Y HORA DE LA ÚLTIMA TRANSACCIÓN |
| campo de control |
20250928104140.0 |
| 008 - DATOS DE LONGITUD FIJA--INFORMACIÓN GENERAL |
| campo de control de longitud fija |
931025s1641 sp |||| | spa d |
| 040 ## - FUENTE DE CATALOGACIÓN |
| Centro catalogador/agencia de origen |
PAB |
| Lengua de catalogación |
spa |
| Centro/agencia transcriptor |
CCPB |
| 100 1# - ENTRADA PRINCIPAL--NOMBRE DE PERSONA |
| Nombre de persona |
Blancas, Jerónimo de. |
| 9 (RLIN) |
126005 |
| 245 10 - MENCIÓN DEL TÍTULO |
| Título |
Coronaciones de los Serenissimos Reyes de Aragon / |
| Mención de responsabilidad, etc. |
escritas por Geronimo de Blancas ... ; con dos tratados del Modo de tener Cortes ... ; publicalo ... Iuan Francisco Andres de Vztarroz, con algunas notas ... |
| 260 ## - PUBLICACIÓN, DISTRIBUCIÓN, ETC. |
| Lugar de publicación, distribución, etc. |
En Çaragoça : |
| Nombre del editor, distribuidor, etc. |
por Diego Dormer : |
| -- |
a costa de Pedro y Tomas Alfay ..., |
| Fecha de publicación, distribución, etc. |
1641. |
| 300 ## - DESCRIPCIÓN FÍSICA |
| Extensión |
3 partes en 1 vol. [24], 261, [33] p., [2] en bl., [4], 111 h., [1] en bl., [5] h., [1] en bl. ; [20], 108, [8] p. ; |
| Dimensiones |
4º. |
| 505 8# - NOTA DE CONTENIDO CON FORMATO |
| Nota de contenido con formato |
Modo de proceder en Cortes de Aragon / por Geronimo Blancas ..., con port. propia. Forma de celebrar Cortes en Aragon / por Geronimo Martel ... |
| 530 ## - NOTA DISPONIBLE DE FORMULARIO FÍSICO ADICIONAL |
| Nota de formato físico adicional disponible |
Disponible también en sitio web. |
| 597 ## - NOTA DE DESCRIPCIÓN FÍSICA |
| NOTA DE DESCRIPCIÓN FÍSICA |
Sign.: 4, 6, A-Q8, R4, S8, T4, V6 ; *4, A-O8, P6 ; a4, b6, A-N4, O6. |
| 597 ## - NOTA DE DESCRIPCIÓN FÍSICA |
| NOTA DE DESCRIPCIÓN FÍSICA |
Port. a dos tintas. |
| 597 ## - NOTA DE DESCRIPCIÓN FÍSICA |
| NOTA DE DESCRIPCIÓN FÍSICA |
Escudo xilográfico en h. b1. |
| 650 04 - PUNTO DE ACCESO ADICIONAL DE MATERIA--TÉRMINO DE MATERIA |
| Término de materia o nombre geográfico como elemento de entrada |
Aragón (Reino)- |
| Subdivisión general |
Reyes y soberanos. |
| 9 (RLIN) |
221814 |
| 650 14 - PUNTO DE ACCESO ADICIONAL DE MATERIA--TÉRMINO DE MATERIA |
| Término de materia o nombre geográfico como elemento de entrada |
Aragón (Reino). |
| Término de materia que sigue a un nombre geográfico como elemento de entrada |
Cortes. |
| 9 (RLIN) |
221816 |
| 700 1# - ENTRADA AGREGADA--NOMBRE PERSONAL |
| Nombre de persona |
Blancas, Jerónimo de. |
| Título de la obra |
Modo de proceder en Cortes de Aragon. |
| 9 (RLIN) |
126004 |
| 700 0# - ENTRADA AGREGADA--NOMBRE PERSONAL |
| Nombre de persona |
Martel, Jerónimo. |
| 9 (RLIN) |
77154 |
| 700 1# - ENTRADA AGREGADA--NOMBRE PERSONAL |
| Nombre de persona |
Andrés de Uztárroz, Juan Francisco, |
| Fechas asociadas al nombre |
1606-1653 |
| 9 (RLIN) |
21601 |
| 852 ## - LOCALIZACIÓN |
| Ubicación |
ES-MaACL |
| Número de control de estantería |
R-3408 |
| itemnumber |
157686 |
| Signatura antigua |
Olim: D-4157 |
| Encuadernación |
Encuadernación en pergamino |
| Nota libre |
Cotejado con la relación de obras recuperadas |
| -- |
Cambio de signatura. Datos tomados del fichero topográfico R |
| 856 ## - LOCALIZACIÓN Y ACCESO ELECTRÓNICOS |
| Identificador Uniforme de Recursos |
<a href="http://bibliotecadigitalhispanica.bne.es:80/webclient/DeliveryManager?pid=2709737&custom_att_2=simple_viewer">http://bibliotecadigitalhispanica.bne.es:80/webclient/DeliveryManager?pid=2709737&custom_att_2=simple_viewer</a> |
| Nota pública |
Ir a la página |
| 942 ## - ELEMENTOS DE ENTRADA SECUNDARIOS (KOHA) |
| Fuente del sistema de clasificación o colocación |
Clasificación decimal universal |